000
00218nam a2200085Ia 4500
008
220217s9999||||xx |||||||||||||| ||und||
100
_a
Jain, R K
245
0
_a
Mechanical and Industrial Measurments
300
_a
1204
_b
325
999
_c
182486
_d
182486